000 00599nam a2200181 i 4500
001 72412
003 ES-MaACL
005 20250929063130.0
007 t|
008 040901s1932 ag ||||1| spa d
100 1 _aGirondo, Oliverio,
_d1891-1967
_957292
245 1 0 _aEspantapájaros
_b: (al alcance de todos) /
_cOliverio Girondo ; [dibujo de la portada José Bonomi].
260 _aBuenos Aires :
_bProa,
_c1932 (
_fFrancisco A. Colombo)
300 _a[106] p. ;
_c25 cm.
700 1 _aBonomi, José.
_9155540
852 _aES-MaACL
_jA-1470
_z.- Enc. rúst.
999 _c72412
_d72412